书目信息 |
| 题名: |
考研英语翻译高分突破
|
|
| 作者: | 张永艳 , 张晓燕 , 李春艳 主编 | |
| 分册: | ||
| 出版信息: | 北京 电子工业出版社 2014.03 |
|
| 页数: | 235页 | |
| 开本: | 26cm | |
| 丛书名: | 2015年考研专家指导丛书 | |
| 单 册: | ||
| 中图分类: | H315.9 | |
| 科图分类: | ||
| 主题词: | 英语--ying yu--翻译--研究生--入学考试--升学参考资料 | |
| 电子资源: | ||
| ISBN: | 978-7-121-22253-5 | |
| 000 | 01143nam 2200289 450 | |
| 001 | CAL 0120141223521 | |
| 005 | 20150825142052.01 | |
| 010 | @a978-7-121-22253-5@dCNY45.00 | |
| 100 | @a20140311d2014 em y0chiy50 ea | |
| 101 | 0 | @achi@aeng |
| 102 | @aCN@b110000 | |
| 105 | @ak z 000yy | |
| 106 | @ar | |
| 200 | 1 | @a考研英语翻译高分突破@Akao yan ying yu fan yi gao fen tu po@f李春艳, 张永艳, 张晓燕主编 |
| 210 | @a北京@c电子工业出版社@d2014.03 | |
| 215 | @a235页@d26cm | |
| 225 | 2 | @a2015年考研专家指导丛书@A2015 nian kao yan zhuan jia zhi dao cong shu |
| 330 | @a本书严格遵循最新考试大纲, 对大纲所规定的考点进行全面、深入的剖析, 详细讲解英译汉的解题技法, 全面剖析解题思路。书后还配有大量精选的练习, 有助于考生对翻译技巧的消化和吸收, 并通过实践来掌握翻译技巧, 提高翻译技能。 | |
| 410 | 0 | @12001 @a2015年考研专家指导丛书 |
| 586 | @a | |
| 606 | 0 | @a英语@Aying yu@x翻译@x研究生@x入学考试@j升学参考资料 |
| 690 | @aH315.9@v5 | |
| 701 | 0 | @a张永艳@Azhang yong yan@4主编 |
| 701 | 0 | @a张晓燕@Azhang xiao yan@4主编 |
| 701 | 0 | @a李春艳@Ali chun yan@4主编 |
| 801 | 0 | @aCN@c20150820 |
| 905 | @a河南城建学院图书馆@dH315.9@eL1303@f3 | |
| 考研英语翻译高分突破/李春艳, 张永艳, 张晓燕主编.-北京:电子工业出版社,2014.03 |
| 235页;26cm.-(2015年考研专家指导丛书) |
| ISBN 978-7-121-22253-5:CNY45.00 |
| 本书严格遵循最新考试大纲, 对大纲所规定的考点进行全面、深入的剖析, 详细讲解英译汉的解题技法, 全面剖析解题思路。书后还配有大量精选的练习, 有助于考生对翻译技巧的消化和吸收, 并通过实践来掌握翻译技巧, 提高翻译技能。 |
| ● |
| 相关链接 |
|
|
|
正题名:考研英语翻译高分突破
索取号:H315.9/L1303
 
预约/预借
| 序号 | 登录号 | 条形码 | 馆藏地/架位号 | 状态 | 备注 |
| 1 | 1223748 | 212237480 | 语言库209/209语言库 39排2列1层/ [索取号:H315.9/L1303] | 在馆 | |
| 2 | 1223749 | 212237499 | 语言库209/209语言库 39排2列1层/ [索取号:H315.9/L1303] | 在馆 | |
| 3 | 1223750 | 212237505 | 语言库209/209语言库 39排2列1层/ [索取号:H315.9/L1303] | 在馆 |